| 000 | 00393nam a22001457a 4500 | ||
|---|---|---|---|
| 082 | _aP-452 | ||
| 100 |
_aSalman Rashid _948261 |
||
| 245 |
_aSlope stability evaluation and remediation in DHA islamabad _cSalman Rashid, Zaheer Khan |
||
| 260 |
_aRisalpur _bMCE _c2011 |
||
| 300 | _a106 p. | ||
| 526 |
_a0 _b0 _c0 _dP_452 |
||
| 650 | _aProject | ||
| 700 |
_aSarfraz Ali _948262 |
||
| 942 |
_2ddc _cBK |
||
| 999 |
_c551256 _d551256 |
||